Adivina al poeta de la Generación del 27 - Estadísticas

Estadísticas generales
  • Esta prueba ha sido intentada 68 veces
  • La puntuación promedio es 6 de 14
Estadísticas de respuestas
Hint Respuesta % Correcto
1. Autor de "Romancero gitano", "Poeta en Nueva York" y "Bodas de sangre". Fue asesinado en 1936. Federico García Lorca
100%
2. Poeta gaditano, escribió "Marinero en tierra" y "Sobre los ángeles". Exiliado tras la Guerra Civil, regresó a España en los años 70. Rafael Alberti
92%
4. Autor de "La destrucción o el amor", ganó el Premio Nobel de Literatura en 1977. Su poesía evolucionó desde el surrealismo hasta la introspección existencial. Vicente Aleixandre
70%
6. Exiliado tras la Guerra Civil, escribió "Los placeres prohibidos" y "La realidad y el deseo". Su poesía refleja un tono melancólico y apasionado. Luis Cernuda
62%
5. Poeta sevillano, escribió "La voz a ti debida" y "Razón de amor". Su poesía destaca por la exploración del amor y la emoción. Pedro Salinas
50%
3. Su poesía es intelectual y sobria. Escribió "Versos humanos" y fue una de las figuras clave del movimiento ultraísta. Gerardo Diego
38%
12. Autor de "Perfil del aire", su poesía se caracteriza por el uso de metáforas visionarias. Dámaso Alonso
34%
7. Poeta malagueño, autor de "Cántico y Clamor", destacó por su poesía pura y su perfección formal. Jorge Guillén
34%
8. Considerada la única mujer de la Generación del 27, escribió "Las islas invitadas" y fue amiga cercana de Lorca y Alberti. Concha Méndez
26%
11. Poeta y pintor, se caracterizó por un estilo vanguardista y escribió "La voz de los muertos". Manuel Altolaguirre
18%
14. Figura menos conocida del grupo, destacó por su estilo depurado y simbólico en obras como "Un día de otro mundo". Emilio Prados
16%
10. Su poesía tiene un fuerte componente religioso y filosófico. Escribió "Ángel fieramente humano" y "Redoble de conciencia". Blas de Otero
8%
13. Fue miembro del grupo ultraísta y escribió "La flauta de los vértigos". Su poesía evolucionó hacia una dimensión más filosófica. Juan Larrea
4%
9. Además de poeta, fue un destacado crítico literario. Escribió "Fábula y signo" y "Las adivinaciones". José Bergamín
2%
No se encontraron pruebas coincidentes
Distribución de puntuación
Porcentaje de gente con cada puntuación
Porcentaje por número respondido
Historial de tus puntuaciones
No has intentado esta prueba.